00303 2200133 4500245005100000250001000051100002100061700001700082005001900099260001800118041001400136084001000150336000900160 aWitan Dan Negeri AranacAudelia AgustinehText aCet.1 aAudelia Agustine aNabila Adani a20240926102920 aJakartac2019 aIndonesia a741.5 atext